<?xml version="1.0" encoding="UTF-8"?>
<record
    xmlns:xsi="http://www.w3.org/2001/XMLSchema-instance"
    xsi:schemaLocation="http://www.loc.gov/MARC21/slim http://www.loc.gov/standards/marcxml/schema/MARC21slim.xsd"
    xmlns="http://www.loc.gov/MARC21/slim">

  <leader>01601nam a2200229   4500</leader>
  <controlfield tag="001">114463</controlfield>
  <controlfield tag="003">DR-UNIBE</controlfield>
  <controlfield tag="005">20260316113616.0</controlfield>
  <controlfield tag="008">260316b2025    dr ||||| |||| 00| 0 spa d</controlfield>
  <datafield tag="020" ind1=" " ind2=" ">
    <subfield code="a">9789945629552</subfield>
  </datafield>
  <datafield tag="040" ind1=" " ind2=" ">
    <subfield code="a">BIBLIOTECA UNIBE</subfield>
    <subfield code="c">BIBLIOTECA UNIBE</subfield>
    <subfield code="e">rda</subfield>
  </datafield>
  <datafield tag="041" ind1=" " ind2=" ">
    <subfield code="a">spa</subfield>
  </datafield>
  <datafield tag="082" ind1=" " ind2=" ">
    <subfield code="a">RD 863.44 J61m</subfield>
  </datafield>
  <datafield tag="100" ind1=" " ind2=" ">
    <subfield code="a">Jim&#xE9;nez Qui&#xF1;ones, Vivian</subfield>
    <subfield code="e">autor</subfield>
    <subfield code="9">203305</subfield>
  </datafield>
  <datafield tag="245" ind1="1" ind2="3">
    <subfield code="a">La mujer del r&#xED;o /</subfield>
    <subfield code="c">Vivian Jim&#xE9;nez Qui&#xF1;ones</subfield>
  </datafield>
  <datafield tag="260" ind1=" " ind2=" ">
    <subfield code="a">Santo Domingo :</subfield>
    <subfield code="b">Banco Central de la Republica Dominicana,</subfield>
    <subfield code="c">2025</subfield>
  </datafield>
  <datafield tag="300" ind1=" " ind2=" ">
    <subfield code="a">150 p&#xE1;ginas</subfield>
  </datafield>
  <datafield tag="520" ind1=" " ind2="3">
    <subfield code="a">En La mujer del r&#xED;o, su opera prima, demuestra ser conocedora de los mecanismos de un g&#xE9;nero que, como el cuento, presenta grandes desaf&#xED;os a sus cultores, no solo por la lucha de quien escribe contra el tiempo, sino por el intrincado camino para conseguir una ficci&#xF3;n veros&#xED;mil con un cierre convincente. Este conjunto de narraciones se inscribe en la corriente neorrealista que Juan Bosch llev&#xF3; a su m&#xE1;xima expresi&#xF3;n en el siglo pasado, y la huella del maestro vegano es palpable en los temas y la manera de contar de la autora. Hay cuentos de Vivian Jim&#xE9;nez Qui&#xF1;ones que nos ponen en contacto con tragedias familiares
de gente del campo, o el reencuentro de una madre con su hija descarriada, o la b&#xFA;squeda interminable del amor frustrado. Cada cuento ha sido escrito con la l&#xFA;cida conciencia de una autora que sabe lo que tiene entre manos y conduce a sus personajes con pulso firme a
trav&#xE9;s de sus historias. </subfield>
  </datafield>
  <datafield tag="650" ind1=" " ind2=" ">
    <subfield code="2">lemb</subfield>
    <subfield code="a">Novela dominicana</subfield>
  </datafield>
  <datafield tag="650" ind1=" " ind2=" ">
    <subfield code="2">lemb</subfield>
    <subfield code="a">Literatura dominicana</subfield>
  </datafield>
  <datafield tag="942" ind1=" " ind2=" ">
    <subfield code="2">ddc</subfield>
    <subfield code="c">BK</subfield>
  </datafield>
  <datafield tag="999" ind1=" " ind2=" ">
    <subfield code="c">114463</subfield>
    <subfield code="d">114463</subfield>
  </datafield>
  <datafield tag="952" ind1=" " ind2=" ">
    <subfield code="0">0</subfield>
    <subfield code="1">0</subfield>
    <subfield code="2">ddc</subfield>
    <subfield code="7">0</subfield>
    <subfield code="8">GEN-RD</subfield>
    <subfield code="a">Principal</subfield>
    <subfield code="d">2026-03-16</subfield>
    <subfield code="l">0</subfield>
    <subfield code="o">RD 863.44 J61m</subfield>
    <subfield code="p">260259</subfield>
    <subfield code="r">2026-03-16 11:36:52</subfield>
    <subfield code="t">Ej. 1</subfield>
    <subfield code="w">2026-03-16</subfield>
    <subfield code="y">BK</subfield>
  </datafield>
</record>
